000 00502nam a2200193Ia 4500
005 20250923144343.0
008 008 250917s9999 xx 000 0 eng d
037 _aTextual
040 _aDSWL
_beng
_cDSWL
041 _aeng
_2eng
084 _aW:5, I0
_qDSWL
100 _aMarshall, T.H
_9824009
245 0 _aCitizenship and social class
_cby T.H Marshall
260 _c1950
300 _a156 p.
365 _aINR
942 _cTEXL
_hW:5, I0
999 _c1437813
_d1437813